000
00222 a2200097 4500
001
42802
100
_a
Noble, J
245
_a
Physiology of Exercise & Sport
260
_a
London
_b
John Murray Ltd
_c
090
_c
26692
_d
26692
942
_a
NUST-CAE
_c
M
_c
18549
999
_c
277875
_d
277875